00717nam a2200241 a 4500001001300000003000900013005001700022008004100039020001000080082001600090100002500106245004500131260003500176300000900211500003500220505002900255650002000284700002500304902000800329942000700337952011600344999001500460nice12345678IN_TiNIC20260116011410.0050524s1887 luca grp 000 0 urd  ac10000a297.82bKHA aKhan, Syed Afzal Ali aAnaratul Baeer Va Kashfus Sarair (vol 1) aLucknow bNaval Kishore c1887 a236p aincludes index and biblioraphy2 aFour Parts Boun Together aShiah-Doctrines1 aKhan, Syed Afzal Ali bSRS cBK 001040708StackRoom-aHMIbHMId2007-06-28g100.00l0o297.82 KHAp04600r2007-06-28v100.00w2005-05-24yBK c1176d1176